| 000 | 00806nam a22001815i 4500 | ||
|---|---|---|---|
| 001 | 165914 | ||
| 003 | ES-MaACL | ||
| 005 | 20251003152313.0 | ||
| 008 | 940615s1854 sp |||| | spa d | ||
| 040 |
_aCAM _bspa |
||
| 100 | 1 |
_aSuricalday, Cayetano de. _9132956 |
|
| 245 | 1 | 4 |
_aLas jornadas de julio en Madrid _b: drama en tres actos y un prólogo / _coriginal y en verso de Cayetano Suricalday y Francisco de Palacios y Toro. |
| 260 |
_aMadrid : _b[Círculo Literario y Comercial], _c1854 ( _fImp. de T. Fortanet) |
||
| 300 |
_a70 p. ; _c20 cm. |
||
| 700 | 1 |
_aPalacios y Toro, Francisco de, _dn. 1877 _9130785 |
|
| 852 |
_aES-MaACL _jF-8558(9) _z-- Enc. pasta, falto de la cub. original _z-- Enc. en un vol. facticio ormando parte de la col. "Teatro español moderno" v. 10 |
||
| 999 |
_c165914 _d165914 |
||